Bands/singers Imagine dragons sang with - Statistics

General Stats
  • This quiz has been taken 14 times
  • The average score is 5 of 11
Answer Stats
Hint Answer % Correct
Eyes Closed J Balvin
67%
Enemy JID
67%
Believer Lil Wayne
67%
Sucker for pain Wiz Khalifa
50%
Thunder/Young Dumb & Broke Khalid
42%
Take Me to the Beach Ado
33%
Continual Cory Henry
33%
Take Me to the Beach Baker Boy
25%
Take Me to the Beach Ernia
25%
Take Me to the Beach Jungeli
25%
Thunder K.Flay
25%
No matching quizzes found
Score Distribution
Percent of People with Each Score
Percentile by Number Answered
Your Score History
You have not taken this quiz